[Event "Women's Speed Chess Q4"]
[Site "chess.com INT"]
[Date "2020.06.21"]
[Round "5"]
[White "Mamedjarova, Turkan"]
[Black "Antolak, Julia"]
[Result "1-0"]
[WhiteTitle "WGM"]
[BlackTitle "WIM"]
[WhiteElo "2309"]
[BlackElo "2323"]
[WhiteFideId "13402005"]
[BlackFideId "1159569"]
[EventDate "2020.06.21"]

1. d4 Nf6 2. c4 g6 3. Nc3 Bg7 4. e4 O-O 5. Nf3 d6 6. Be2 Nbd7 7. h3 e5 8. d5 a5
9. Bg5 Nc5 10. Qc2 Qe8 11. g4 c6 12. Be3 cxd5 13. cxd5 Bd7 14. Bxc5 dxc5 15. a4
Qe7 16. O-O-O Ne8 17. Kb1 Nd6 18. Nd2 Rfb8 19. Nc4 b6 20. Nxd6 Qxd6 21. Ka2 Rf8
22. Bb5 f5 23. Bxd7 Qxd7 24. gxf5 gxf5 25. exf5 Rxf5 26. d6 Raf8 27. Qb3+ Kh8
28. Ne4 Rf4 29. Rhe1 Qc6 30. d7 Rd8 31. Rd6 Qc7 32. Qe6 Qb7 33. Ng5 Qc7 34. Qe8+
Rf8 35. Nf7+ Kg8 36. Nxd8 Qxd6 37. Qe6+ 1-0

[Event "Women's Speed Chess Q4"]
[Site "chess.com INT"]
[Date "2020.06.21"]
[Round "5"]
[White "Hejazipour, Mitra"]
[Black "Zhuravleva, Olga"]
[Result "1-0"]
[WhiteTitle "WGM"]
[BlackTitle "WIM"]
[WhiteElo "2300"]
[BlackElo "2278"]
[WhiteFideId "12505951"]
[BlackFideId "4145933"]
[EventDate "2020.06.21"]

1. Nf3 Nf6 2. c4 e6 3. g3 b6 4. Bg2 Bb7 5. O-O Be7 6. Nc3 c5 7. d4 cxd4 8. Qxd4
O-O 9. Bf4 d6 10. Qd2 Nc6 11. Rfd1 e5 12. Bg5 Ne8 13. Bxe7 Qxe7 14. Nd5 Qe6 15.
Ng5 Qg6 16. b4 h6 17. b5 Qxg5 18. bxc6 Ba6 19. Qxg5 hxg5 20. c7 Kh8 21. Nb4 Nxc7
22. Bxa8 Rxa8 23. Nxa6 Nxa6 24. Rxd6 Nc5 25. Rad1 Kh7 26. Rd8 Rxd8 27. Rxd8 Kg6
28. Ra8 a5 29. Rb8 Na4 30. e3 Kf6 31. Kf1 Ke6 32. Rb7 g6 33. Ke1 f6 34. Kd2 Kf5
35. h3 Ke4 36. Rg7 Kf5 37. g4+ Ke6 38. Rxg6 Nc5 39. f3 e4 40. f4 gxf4 41. exf4
Nb7 42. g5 Kf7 43. Rxf6+ Kg7 44. Rxb6 Nc5 45. f5 Na4 46. Rb7+ Kf8 47. f6 Nc5 48.
Ra7 Ne6 49. g6 e3+ 50. Kxe3 Ke8 51. Re7+ Kf8 52. Rxe6 a4 53. Ra6 Ke8 54. Ra7 a3
55. g7 1-0

[Event "Women's Speed Chess Q4"]
[Site "chess.com INT"]
[Date "2020.06.21"]
[Round "5"]
[White "Alexanian, Nelli"]
[Black "Cholleti, Sahajasri"]
[Result "0-1"]
[WhiteTitle "WIM"]
[BlackTitle "WIM"]
[WhiteElo "1986"]
[BlackElo "2235"]
[WhiteFideId "4170539"]
[BlackFideId "5045118"]
[EventDate "2020.06.21"]

1. d4 Nf6 2. c4 e6 3. Nc3 Bb4 4. e3 O-O 5. Ne2 Re8 6. a3 Bf8 7. f4 d6 8. Ng3 e5
9. dxe5 dxe5 10. Qxd8 Rxd8 11. fxe5 Ng4 12. Nd5 Na6 13. e4 c6 14. Bg5 Rd7 15.
Nc3 Nxe5 16. Rd1 Rxd1+ 17. Kxd1 Be6 18. Bf4 Nxc4 19. Kc2 Rd8 20. Be2 Nc5 21. b4
Na6 22. Bxc4 Bxc4 23. Re1 h6 24. Nf5 Be6 25. g4 Nb8 26. h4 Nd7 27. Rd1 Rc8 28.
g5 h5 29. Ne2 c5 30. b5 Nb6 31. Kb2 Nc4+ 32. Kc3 Nxa3 33. Neg3 Nxb5+ 34. Kb2 g6
35. Ne3 Nd4 36. Be5 Bg7 37. Bd6 Nf5+ 38. e5 Nxe3 0-1

[Event "Women's Speed Chess Q4"]
[Site "chess.com INT"]
[Date "2020.06.21"]
[Round "5"]
[White "Padmini, Rout"]
[Black "Bivol, Alina"]
[Result "0-1"]
[WhiteTitle "IM"]
[BlackTitle "WGM"]
[WhiteElo "2370"]
[BlackElo "2386"]
[WhiteFideId "5029295"]
[BlackFideId "4100123"]
[EventDate "2020.06.21"]

1. e4 e6 2. d4 d5 3. Nd2 Be7 4. Ngf3 Nf6 5. e5 Nfd7 6. Nb3 c5 7. Nxc5 Nxc5 8.
dxc5 Bxc5 9. Bd3 h6 10. O-O b6 11. Qe2 a5 12. a4 Ba6 13. Bb5+ Bxb5 14. axb5 O-O
15. c3 Nd7 16. Ra4 f5 17. h4 Be7 18. Nd4 Nc5 19. Nc6 Qd7 20. Rf4 Ne4 21. h5 a4
22. Be3 Bc5 23. Kh2 a3 24. f3 Ng5 25. bxa3 Rxa3 26. Bd4 Rfa8 27. Rh4 Ra2 28. Qe3
R8a4 29. Rf2 Ra1 30. Kg3 Bxd4 31. Rxd4 R4a3 32. Rh4 Rb3 33. Qxb6 Rxc3 34. Qb8+
Kh7 35. Qd6 Qb7 36. Ne7 Ra8 37. Rb4 Ne4+ 0-1

[Event "Women's Speed Chess Q4"]
[Site "chess.com INT"]
[Date "2020.06.21"]
[Round "5"]
[White "Kazarian, Anna-Maja"]
[Black "Shukhman, Anna"]
[Result "0-1"]
[WhiteTitle "FM"]
[BlackTitle "WCM"]
[WhiteElo "2096"]
[BlackElo "1866"]
[WhiteFideId "1033689"]
[BlackFideId "54180058"]
[EventDate "2020.06.21"]

1. e4 c5 2. Nf3 e6 3. d4 cxd4 4. Nxd4 Nf6 5. Bd3 Bc5 6. Nb3 Be7 7. O-O d6 8. Nc3
O-O 9. Be3 Nc6 10. f4 a5 11. a4 Nb4 12. Qf3 Nxd3 13. cxd3 Bd7 14. g4 Bc6 15. g5
Nd7 16. Nd4 e5 17. Nf5 exf4 18. Nxe7+ Qxe7 19. Bxf4 Ne5 20. Qg3 Rad8 21. d4 Ng6
22. d5 Be8 23. Be3 Ne5 24. Bb6 Ra8 25. Bd4 Bd7 26. Rf2 Ng4 27. Rg2 Rac8 28. Rf1
Rc4 29. Qd3 Rfc8 30. h3 Ne5 31. Bxe5 Qxe5 32. Qf3 Be8 33. Nb5 Rxa4 34. Qg4 Rac4
35. Nc3 a4 36. Rf5 Qd4+ 37. Kh2 Bd7 38. g6 hxg6 39. Ne2 gxf5 0-1

[Event "Women's Speed Chess Q4"]
[Site "chess.com INT"]
[Date "2020.06.21"]
[Round "5"]
[White "Goh, Jie Yi"]
[Black "Vifleemskaia, Svetlana"]
[Result "0-1"]
[WhiteTitle "WCM"]
[BlackTitle "WFM"]
[WhiteElo "1743"]
[BlackElo "1943"]
[WhiteFideId "5710049"]
[BlackFideId "4129490"]
[EventDate "2020.06.21"]

1. d4 Nf6 2. Bf4 d5 3. e3 c5 4. c3 Qb6 5. Qc1 Bf5 6. Nf3 e6 7. Nbd2 h6 8. h3 Nc6
9. Be2 Rc8 10. O-O Be7 11. Ne5 cxd4 12. Nxc6 bxc6 13. exd4 c5 14. Nf3 O-O 15.
Rd1 c4 16. Ne5 Rfd8 17. Bf3 Bf8 18. Re1 a5 19. Bg3 Ne4 20. Bxe4 Bxe4 21. f3 Bf5
22. f4 Rb8 23. Re2 a4 24. Bh4 f6 25. Nf3 a3 26. bxa3 Qa6 27. g4 Bd3 28. Re3 Bxa3
29. Qe1 Rb6 30. Rd1 Rdb8 31. Qf2 Rb2 32. Rd2 Rb1+ 33. Re1 Be4 34. Kg2 R1b2 35.
Ree2 Rb1 36. Re1 Rxe1 37. Qxe1 Qa5 38. Re2 Rb1 39. Qf2 Qxc3 40. Re3 Qc1 41. Re1
Qxe1 42. Qxe1 Rxe1 43. Bxe1 Bb1 44. Kf2 Bxa2 45. Bc3 Bb1 46. Ke2 Bd3+ 47. Kd2
Kf7 48. Ne1 Be4 49. h4 g5 50. Nc2 Bxc2 51. Kxc2 gxf4 52. Kd2 Bd6 53. Ke2 e5 54.
Kf3 e4+ 55. Kf2 Kg6 56. Ke2 f5 57. gxf5+ Kxf5 58. Be1 Kg4 59. Kf2 h5 60. Ke2 f3+
61. Kf1 Bg3 62. Bd2 Bxh4 63. Be3 Bg5 0-1

[Event "Women's Speed Chess Q4"]
[Site "chess.com INT"]
[Date "2020.06.21"]
[Round "5"]
[White "Potapova, Margarita"]
[Black "Stefanova, Antoaneta"]
[Result "1/2-1/2"]
[WhiteTitle "WIM"]
[BlackTitle "GM"]
[WhiteElo "2270"]
[BlackElo "2462"]
[WhiteFideId "14126869"]
[BlackFideId "2902257"]
[EventDate "2020.06.21"]

1. d4 d5 2. c4 c6 3. Nf3 Nf6 4. g3 a6 5. Bg2 g6 6. O-O Bg7 7. Nc3 O-O 8. b3 b5
9. Bb2 Bb7 10. Nd2 Re8 11. e4 dxc4 12. e5 Nd5 13. bxc4 Nxc3 14. Bxc3 b4 15. Bb2
Nd7 16. f4 Nf8 17. Ne4 Ne6 18. Qd2 Qd7 19. Qxb4 c5 20. dxc5 Bxe4 21. Bxe4 Rab8
22. Qa3 Nxc5 23. Qxc5 Rxb2 24. Bc6 Qc7 25. Qd4 Reb8 26. Bf3 Bf8 27. e6 f5 28.
Rac1 Bg7 29. Qd7 Qc5+ 30. Kh1 Rxa2 31. Rb1 Rf8 32. Qd5 Qa3 33. c5 h5 34. c6 Rc2
35. Qb3 Qc5 36. Qb6 a5 37. Qxc5 Rxc5 38. Rb7 Bf6 39. Ra7 Rc8 40. Rb1 h4 41. Kg2
Rc2+ 42. Kh1 Rc3 43. Kg2 Rc2+ 44. Kh1 Rc3 45. Kg2 Rc2+ 1/2-1/2

[Event "Women's Speed Chess Q4"]
[Site "chess.com INT"]
[Date "2020.06.21"]
[Round "5"]
[White "Gaponenko, Inna"]
[Black "Buksa, Nataliya"]
[Result "0-1"]
[WhiteTitle "IM"]
[BlackTitle "IM"]
[WhiteElo "2396"]
[BlackElo "2410"]
[WhiteFideId "14101181"]
[BlackFideId "14123622"]
[EventDate "2020.06.21"]

1. e4 c5 2. c3 Nf6 3. e5 Nd5 4. Nf3 Nc6 5. Bc4 Nb6 6. Bb3 d6 7. exd6 Qxd6 8. Na3
a6 9. O-O Bf5 10. d4 cxd4 11. Nxd4 Nxd4 12. cxd4 e6 13. Qf3 Qc6 14. Qxc6+ bxc6
15. Nc4 Nxc4 16. Bxc4 Be4 17. Be3 Kd7 18. Rfc1 Bd6 19. f3 Bd5 20. Bxd5 cxd5 21.
Rc2 Rhb8 22. g3 a5 23. Bf4 Rb4 24. Bxd6 Kxd6 25. Rd1 Rab8 26. Rdd2 Rc4 27. b3
Rxc2 28. Rxc2 Rb4 29. Rd2 f6 30. f4 a4 31. bxa4 Rxa4 32. Kf2 e5 33. dxe5+ fxe5
34. fxe5+ Kxe5 35. Re2+ Kd4 36. Rd2+ Ke4 37. h4 Ra7 38. Ke2 d4 39. Rb2 Ra3 40.
g4 Rg3 41. Kf2 Rxg4 42. a4 Rxh4 43. Kg3 Rh5 44. Ra2 Ra5 45. Kg4 d3 46. Kg3 Ke3
47. Kg2 d2 48. Ra1 Ke2 0-1

[Event "Women's Speed Chess Q4"]
[Site "chess.com INT"]
[Date "2020.06.21"]
[Round "5"]
[White "Arakhamia-Grant, Ketevan"]
[Black "Doluhanova, Evgeniya"]
[Result "1-0"]
[WhiteTitle "GM"]
[BlackTitle "WGM"]
[WhiteElo "2380"]
[BlackElo "2229"]
[WhiteFideId "13600168"]
[BlackFideId "14112035"]
[EventDate "2020.06.21"]

1. e4 e5 2. Nf3 Nc6 3. Bb5 Nf6 4. d3 Bc5 5. c3 d6 6. O-O O-O 7. Bg5 h6 8. Bh4
Bd7 9. Nbd2 a6 10. Ba4 b5 11. Bb3 a5 12. a4 b4 13. Nc4 Be6 14. d4 exd4 15. cxd4
Bxc4 16. Bxc4 Bb6 17. Bb5 Na7 18. Bd3 Qd7 19. Bxf6 gxf6 20. Nh4 f5 21. Nxf5 f6
22. Nxh6+ Kh8 23. Qh5 Qh7 24. Rad1 Nc6 25. e5 f5 26. Bxf5 Rxf5 27. Qxf5 Qxh6 28.
Rd3 Rf8 29. Qe4 d5 30. Qxd5 Ne7 31. Qd7 Nf5 32. Rh3 Nh4 33. Qg4 Rf4 34. Qc8+ Kg7
35. Rg3+ Ng6 36. Qd7+ Rf7 37. Qg4 Bxd4 38. Qxd4 1-0

[Event "Women's Speed Chess Q4"]
[Site "chess.com INT"]
[Date "2020.06.21"]
[Round "5"]
[White "Ambartsumova, Karina"]
[Black "Turova, Irina"]
[Result "0-1"]
[WhiteTitle "IM"]
[BlackTitle "IM"]
[WhiteElo "2371"]
[BlackElo "2381"]
[WhiteFideId "4166299"]
[BlackFideId "4120876"]
[EventDate "2020.06.21"]

1. Nf3 f5 2. d4 Nf6 3. Bg5 g6 4. Nbd2 Bg7 5. Bxf6 Bxf6 6. e4 d6 7. Bd3 Nc6 8.
exf5 Nb4 9. Bb5+ c6 10. Ba4 Bxf5 11. a3 Nd5 12. O-O O-O 13. Bb3 Kh8 14. Qe2 Qd7
15. Rfe1 Rae8 16. g3 Bh3 17. Qe4 Bf5 18. Qe2 Bg4 19. c4 Nc7 20. Qd3 d5 21. Ne5
Bxe5 22. Rxe5 e6 23. Rae1 Qf7 24. Qe3 Bf5 25. Nf3 b5 26. Ng5 Qf6 27. cxd5 Nxd5
28. Bxd5 cxd5 29. Nf3 Rc8 30. Nh4 Bh3 31. Qd2 Rc4 32. f4 Rfc8 33. Qe3 Rc2 34.
Nf3 Rg2+ 35. Kh1 Rxb2 36. Ng5 Bf5 37. Kg1 Rcc2 38. Nxe6 Rg2+ 39. Kf1 Bd3+ 40.
Qxd3 Rbf2# 0-1

[Event "Women's Speed Chess Q4"]
[Site "chess.com INT"]
[Date "2020.06.21"]
[Round "5"]
[White "Sedina, Elena"]
[Black "Muminova, Nafisa"]
[Result "1-0"]
[WhiteTitle "IM"]
[BlackTitle "WGM"]
[WhiteElo "2299"]
[BlackElo "2274"]
[WhiteFideId "812153"]
[BlackFideId "14201526"]
[EventDate "2020.06.21"]

1. e4 e6 2. d4 d5 3. e5 c5 4. c3 Nc6 5. Nf3 Qb6 6. Be2 f6 7. O-O Bd7 8. Na3 fxe5
9. dxe5 Nge7 10. Nb5 Ng6 11. Nd6+ Bxd6 12. exd6 O-O-O 13. a3 Nb8 14. b4 Qxd6 15.
Be3 b6 16. bxc5 bxc5 17. Rb1 Bc6 18. Bb5 Bb7 19. Bd3 Bc6 20. Bb5 Bb7 21. Bd3 Rd7
22. Rb5 Rc7 23. Qd2 Rf8 24. Rfb1 Nf4 25. Bxc5 Rxc5 26. Rxb7 Nc6 27. Rxg7 Na5 28.
Rb4 Rc7 29. Rxc7+ Kxc7 30. Bxh7 Nc4 31. Qc2 Rf7 32. Nd4 a6 33. Qb1 Ne2+ 34. Nxe2
Qc5 35. Rb7+ Kd6 36. Rxf7 Nd2 37. Qb8+ Kc6 38. Rc7+ 1-0

[Event "Women's Speed Chess Q4"]
[Site "chess.com INT"]
[Date "2020.06.21"]
[Round "5"]
[White "Bodnaruk, Anastasia"]
[Black "Xu, Yuanyuan"]
[Result "1/2-1/2"]
[WhiteTitle "IM"]
[BlackTitle "WGM"]
[WhiteElo "2411"]
[BlackElo "2317"]
[WhiteFideId "4181751"]
[BlackFideId "8601089"]
[EventDate "2020.06.21"]

1. e4 c6 2. d4 d5 3. e5 c5 4. c3 Nc6 5. Be2 cxd4 6. cxd4 Bf5 7. Nf3 e6 8. a3
Nge7 9. h3 Be4 10. Nbd2 Nf5 11. O-O Be7 12. g4 Nfxd4 13. Nxd4 Nxd4 14. Qa4+ Nc6
15. Nxe4 dxe4 16. Qxe4 O-O 17. Bf4 Qd4 18. Bd3 Qxe4 19. Bxe4 Rfd8 20. Rfd1 Nd4
21. Kg2 Nb3 22. Rab1 Nc5 23. Bc2 Rac8 24. Rxd8+ Rxd8 25. Rd1 Rxd1 26. Bxd1 Nd3
27. Be3 Nxb2 28. Bf3 b6 29. Be2 Bxa3 30. Ba6 Bc5 31. Bc1 Bd4 32. f4 Na4 33. Kf3
Nc3 34. Bb2 Kf8 35. Bxc3 Bxc3 36. Ke4 Ke7 37. Bb5 Kd8 38. h4 a5 39. h5 h6 40. g5
hxg5 41. fxg5 Bd2 42. g6 fxg6 43. hxg6 Ke7 44. Bc6 Bc3 45. Bb5 Bb2 46. Ba4 Kd8
47. Bb5 Kc7 48. Kf4 Bd4 49. Ke4 Bc3 50. Kf4 Kd8 51. Ke4 Ke7 52. Kf4 Bb2 53. Ke4
Bc1 54. Kd4 Bf4 55. Ke4 Bg3 56. Kd4 Bf2+ 57. Ke4 Bc5 58. Kf4 Bd4 59. Ke4 Bc3 60.
Kf4 Bb2 61. Ke4 Bc3 1/2-1/2

[Event "Women's Speed Chess Q4"]
[Site "chess.com INT"]
[Date "2020.06.21"]
[Round "5"]
[White "Nikulina, Alena"]
[Black "Priyanka, K"]
[Result "0-1"]
[WhiteTitle "WFM"]
[BlackTitle "WIM"]
[WhiteElo "1887"]
[BlackElo "2218"]
[WhiteFideId "4172051"]
[BlackFideId "5082986"]
[EventDate "2020.06.21"]

1. e4 c5 2. Nf3 d6 3. d4 cxd4 4. Nxd4 Nf6 5. Nc3 a6 6. Be2 e5 7. Nb3 Be6 8. O-O
Nbd7 9. f4 Rc8 10. Kh1 b5 11. f5 Bc4 12. Bd3 b4 13. Ne2 Nb6 14. Bg5 Be7 15. Na5
d5 16. exd5 Qxd5 17. Nxc4 Nxc4 18. Bxc4 Qxc4 19. c3 O-O 20. b3 Qg4 21. Bxf6 Bxf6
22. c4 Rfd8 23. Qe1 Bh4 24. Ng3 Bxg3 25. hxg3 f6 26. Kh2 Rd3 27. Rd1 Rcd8 28.
Rxd3 Rxd3 29. Rh1 Qxf5 30. Qxb4 Qh5+ 31. Kg1 Rd1+ 32. Kf2 Qf5+ 33. Ke2 Qd3+ 34.
Kf2 Rxh1 35. Qb8+ Kf7 36. Qb7+ Kg6 37. Qd5 Qxd5 38. cxd5 Rd1 39. Ke3 Rxd5 40.
Ke4 Rd4+ 41. Ke3 Kf5 42. a4 Kg4 0-1

[Event "Women's Speed Chess Q4"]
[Site "chess.com INT"]
[Date "2020.06.21"]
[Round "5"]
[White "Zawadzka, Jolanta"]
[Black "Kashlinskaya, Alina"]
[Result "1-0"]
[WhiteTitle "WGM"]
[BlackTitle "IM"]
[WhiteElo "2419"]
[BlackElo "2494"]
[WhiteFideId "1122320"]
[BlackFideId "4198026"]
[EventDate "2020.06.21"]

1. e4 e5 2. Nf3 Nf6 3. Nc3 Nc6 4. d4 exd4 5. Nxd4 Bb4 6. Nxc6 bxc6 7. Bd3 O-O 8.
O-O d5 9. exd5 cxd5 10. h3 c6 11. Qf3 Re8 12. Bg5 Be7 13. Rfe1 h6 14. Bf4 Be6
15. Ne2 c5 16. Bb5 Bd7 17. Nc3 d4 18. Bxd7 Qxd7 19. Ne4 Nd5 20. Bd2 Rab8 21. b3
Rb6 22. Nxc5 Bxc5 23. Rxe8+ Qxe8 24. Qxd5 Qe2 25. Qxc5 Qxd2 26. a4 Rf6 27. Rf1
a6 28. b4 Qg5 29. Qxg5 hxg5 30. b5 axb5 31. axb5 Rb6 32. Rb1 f6 33. Kf1 Kf7 34.
Ke2 Ke6 35. Kd3 Kd5 36. Rb4 Kc5 37. Rxd4 Kxb5 38. Rd7 g6 39. c4+ Kc6 40. Rg7 Rb2
41. Ke3 Rb3+ 42. Kd4 Rb2 43. f3 Rxg2 44. Rxg6 Rg3 45. Rxf6+ Kd7 46. Kd5 Rxh3 47.
c5 Rh7 48. c6+ Kc7 49. Ke5 Rh3 50. Ke4 Rg3 51. Kd5 Rh3 52. Rf7+ Kc8 53. Kc5 Rg3
54. Kb6 1-0

[Event "Women's Speed Chess Q4"]
[Site "chess.com INT"]
[Date "2020.06.21"]
[Round "5"]
[White "Yakimova, Mariya"]
[Black "Socko, Monika"]
[Result "1-0"]
[WhiteTitle "WFM"]
[BlackTitle "GM"]
[WhiteElo "2269"]
[BlackElo "2428"]
[WhiteFideId "34188859"]
[BlackFideId "1106619"]
[EventDate "2020.06.21"]

1. d4 Nf6 2. c4 e6 3. g3 d5 4. Nf3 Bb4+ 5. Bd2 Be7 6. Bg2 O-O 7. O-O dxc4 8. Qc2
c5 9. dxc5 Nbd7 10. Na3 Nxc5 11. Nxc4 Nce4 12. Ba5 b6 13. Rfd1 Qc7 14. Be1 Ba6
15. Rac1 Rac8 16. Nfe5 Nd6 17. b3 Nd5 18. Qb1 Nxc4 19. Nxc4 Qb8 20. e4 Nf6 21.
e5 Nd5 22. Be4 g6 23. h4 Kg7 24. Bd2 h5 25. Bg2 Rfd8 26. Qe4 Bb7 27. Qe2 Nb4 28.
Bxb7 Qxb7 29. Bg5 Bxg5 30. hxg5 Qe7 31. Nd6 Rxc1 32. Rxc1 Nd5 33. Qd2 Rd7 34.
Rc8 Rd8 35. Rc6 Rd7 36. f4 Rc7 37. Qc1 Rxc6 38. Qxc6 Qd8 39. a3 Kf8 40. b4 Ne7
41. Qb7 Nf5 42. Qxf7# 1-0

[Event "Women's Speed Chess Q4"]
[Site "chess.com INT"]
[Date "2020.06.21"]
[Round "5"]
[White "Papp, Petra"]
[Black "Morris-Suzuki, Sophie"]
[Result "1-0"]
[WhiteTitle "WGM"]
[BlackTitle "WFM"]
[WhiteElo "2338"]
[BlackElo "2043"]
[WhiteFideId "739049"]
[BlackFideId "30922615"]
[EventDate "2020.06.21"]

1. e4 c5 2. Nf3 e6 3. d4 cxd4 4. Nxd4 d6 5. c4 a6 6. Nc3 b6 7. Be2 Bb7 8. O-O
Nd7 9. f3 Ngf6 10. Be3 Be7 11. Qd2 Qc7 12. b4 O-O 13. Rfc1 Rac8 14. Bf1 Qb8 15.
Rab1 Bd8 16. Kh1 Bc7 17. Rc2 h5 18. Bg1 h4 19. Qe1 h3 20. gxh3 Ne5 21. Rg2 Rfe8
22. Qg3 Ng6 23. Qg5 d5 24. Qe3 e5 25. Nf5 d4 26. Nh6+ Kf8 27. Qg5 Nh7 28. Qf5
gxh6 29. Rxg6 dxc3 30. Rxh6 Ke7 31. Rxh7 Rf8 32. Be3 c2 33. Rc1 Bd6 34. Bg5+ Ke8
35. Rxc2 Rc7 36. Bh6 Rg8 37. Rd2 Re7 38. c5 bxc5 39. bxc5 Bxc5 40. Rg2 Rf8 41.
Bxf8 1-0

[Event "Women's Speed Chess Q4"]
[Site "chess.com INT"]
[Date "2020.06.21"]
[Round "5"]
[White "Kiseleva, Arina"]
[Black "Hryzlova, Sofiia"]
[Result "1-0"]
[WhiteTitle "WCM"]
[WhiteElo "2024"]
[BlackElo "1940"]
[WhiteFideId "4164989"]
[BlackFideId "14174669"]
[EventDate "2020.06.21"]

1. d4 Nf6 2. Nf3 e6 3. e3 d5 4. Bd3 Nbd7 5. O-O b6 6. b3 Bd6 7. Bb2 Bb7 8. Ne5
O-O 9. Nd2 Ne4 10. f3 Nxd2 11. Qxd2 Nb8 12. Qf2 c5 13. f4 f5 14. c4 Na6 15. a3
Nc7 16. dxc5 bxc5 17. cxd5 exd5 18. Qg3 Qe7 19. Qh3 Bc8 20. Rac1 Be6 21. g4 g6
22. g5 Bxe5 23. Bxe5 Rab8 24. Bc2 Rb7 25. Qh6 Nb5 26. Bb2 Nd6 27. Be5 Ne4 28.
Rfd1 Rc8 29. Bxe4 fxe4 30. Rc3 Rd7 31. Rdc1 Bg4 32. Qh4 Bf3 33. b4 c4 34. Bd4
Rb7 35. Qg3 a5 36. bxa5 Ra8 37. Bb6 Qf7 38. h4 Qf5 39. Kf2 Bh5 40. Kg2 Bf3+ 41.
Kh2 Be2 42. Qh3 Bg4 43. Qg3 1-0

[Event "Women's Speed Chess Q4"]
[Site "chess.com INT"]
[Date "2020.06.21"]
[Round "5"]
[White "Babiy, Olga"]
[Black "Kairbekova, Amina"]
[Result "1-0"]
[WhiteTitle "WGM"]
[BlackTitle "WFM"]
[WhiteElo "2228"]
[BlackElo "2065"]
[WhiteFideId "14117258"]
[BlackFideId "13712799"]
[EventDate "2020.06.21"]

1. e4 c5 2. Nf3 Nc6 3. d4 cxd4 4. Nxd4 g6 5. Nc3 Bg7 6. Be3 Nf6 7. Bc4 O-O 8.
Bb3 Re8 9. h3 d6 10. O-O a6 11. Nf3 Na5 12. Re1 b5 13. Bd4 Bb7 14. Nd5 Nxb3 15.
axb3 Bxd5 16. exd5 Qc7 17. Qd2 Qb7 18. c4 Rac8 19. Rac1 bxc4 20. bxc4 Qb3 21.
Rc3 Qb4 22. Qd3 Nd7 23. Bxg7 Kxg7 24. Qd4+ Kg8 25. Rc2 Nb6 26. Rec1 Rc7 27. Qh4
Rec8 28. Ng5 h5 29. Qf4 Rf8 30. Qe4 Rfc8 31. b3 Rc5 32. Qxe7 R5c7 33. Qe4 Qxb3
34. Rc3 Qb2 35. Qf4 Qb4 36. Qf6 Re8 37. Kh2 Qb2 38. Ne6 fxe6 39. Qxg6+ Rg7 40.
Qxe8+ Kh7 41. Qxh5+ Kg8 42. Qe8+ Kh7 43. R1c2 Qb4 44. Qxe6 Qc5 45. Qf5+ Kg8 46.
Re3 1-0

[Event "Women's Speed Chess Q4"]
[Site "chess.com INT"]
[Date "2020.06.21"]
[Round "5"]
[White "Swati, Mohota"]
[Black "Sowa, Wiktoria"]
[Result "1/2-1/2"]
[WhiteTitle "WFM"]
[BlackTitle "WFM"]
[WhiteElo "2027"]
[BlackElo "2093"]
[WhiteFideId "5006511"]
[BlackFideId "21836701"]
[EventDate "2020.06.21"]

1. d4 Nf6 2. c4 g6 3. Nc3 d5 4. Nf3 Bg7 5. e3 O-O 6. h3 a6 7. Bd3 dxc4 8. Bxc4
c5 9. dxc5 Qa5 10. O-O Qxc5 11. Qe2 Nc6 12. a3 b5 13. Ba2 Bb7 14. Bd2 Rad8 15.
Rfd1 Ne5 16. Nd4 Qb6 17. Rac1 Ne4 18. Nxe4 Bxe4 19. Bb4 Rfe8 20. f3 Bb7 21. Bc5
Qf6 22. f4 Nd7 23. Bb4 e5 24. fxe5 Qxe5 25. Bc3 Qe4 26. Rf1 Nf6 27. Rf4 Qe7 28.
Rcf1 Bd5 29. Bxd5 Rxd5 30. Nc6 Qd6 31. Bxf6 Qxc6 32. Bxg7 Kxg7 33. Rxf7+ Kg8 34.
Qf2 Qc5 35. Qf6 Qxe3+ 36. Kh1 Qh6 37. Rf8+ Rxf8 38. Qe6+ Kh8 39. Rxf8+ Qxf8 40.
Qxd5 Qf1+ 41. Kh2 Qf4+ 42. Kh1 Qc1+ 43. Kh2 Qxb2 44. Qa8+ Kg7 45. Qxa6 Qe5+ 46.
Kh1 Kh6 47. Qa5 Qa1+ 48. Kh2 Qe5+ 49. Kh1 Qa1+ 50. Kh2 Qe5+ 51. Kh1 1/2-1/2

[Event "Women's Speed Chess Q4"]
[Site "chess.com INT"]
[Date "2020.06.21"]
[Round "5"]
[White "Huda, Maryana"]
[Black "Javakhishvili, Lela"]
[Result "0-1"]
[WhiteTitle "WGM"]
[BlackTitle "IM"]
[WhiteElo "2128"]
[BlackElo "2475"]
[WhiteFideId "14116553"]
[BlackFideId "13601458"]
[EventDate "2020.06.21"]

1. e4 c5 2. Nf3 Nc6 3. d4 cxd4 4. Nxd4 e6 5. Nc3 Qc7 6. Be2 a6 7. O-O Nf6 8. Kh1
Be7 9. f4 d6 10. Be3 O-O 11. Bf3 Bd7 12. Nb3 b5 13. a3 Rad8 14. Qe1 Bc8 15. Rd1
Bb7 16. Qg3 Nd7 17. f5 Nde5 18. Be2 Bf6 19. Bg5 Bxg5 20. Qxg5 exf5 21. Nd5 f6
22. Nxc7 fxg5 23. Ne6 f4 24. Nxf8 Kxf8 25. g3 Ng6 26. Bh5 Nce5 27. Nd2 Ke7 28.
Bxg6 Nxg6 29. h4 h6 30. Kg2 Rf8 31. h5 Ne5 32. gxf4 gxf4 33. Rde1 Rf6 34. Kh3
Bc8+ 35. Kh4 f3 36. Rf2 Rf4+ 37. Kg3 Rg4+ 38. Kh2 Rh4+ 39. Kg3 Rh3+ 40. Kf4 Rxh5
41. Nxf3 g5+ 42. Kg3 Rh3+ 43. Kg2 Ng6 44. Nd4 Nf4+ 45. Kg1 Rg3+ 46. Kh2 Rg4 47.
Nf5+ Bxf5 48. exf5+ Kf6 49. Rd1 Rh4+ 50. Kg3 Rh3+ 51. Kg4 h5# 0-1

[Event "Women's Speed Chess Q4"]
[Site "chess.com INT"]
[Date "2020.06.21"]
[Round "5"]
[White "Maltsevskaya, Aleksandra"]
[Black "Solozhenkina, Elizaveta"]
[Result "0-1"]
[WhiteTitle "WGM"]
[BlackTitle "WIM"]
[WhiteElo "2272"]
[BlackElo "2301"]
[WhiteFideId "24174041"]
[BlackFideId "34106615"]
[EventDate "2020.06.21"]

1. e4 c6 2. Nc3 d5 3. d4 dxe4 4. Nxe4 Bf5 5. Ng3 Bg6 6. h4 h6 7. Nf3 Nd7 8. h5
Bh7 9. Bd3 Bxd3 10. Qxd3 Ngf6 11. Bd2 e6 12. O-O-O Be7 13. Qe2 Qb6 14. Nf1 c5
15. dxc5 Nxc5 16. Ne3 O-O 17. g4 Nfe4 18. g5 hxg5 19. h6 Qa6 20. Qxa6 bxa6 21.
Ng4 Nxd2 22. Rxd2 gxh6 23. Rxh6 Kg7 24. b4 Ne4 25. Rd7 Bf6 26. Rh1 Rfd8 27. Rc7
Rab8 28. Re1 Rxb4 29. Nxf6 Kxf6 30. a3 Ra4 31. c4 Rd3 32. Ng1 Nd6 33. Kc2 Rdxa3
34. Ne2 Nxc4 35. Rb1 Ne5 36. Kd1 Rd3+ 37. Ke1 Ra2 38. Kf1 Rdd2 39. Ng3 Rxf2+ 40.
Ke1 Nf3+ 41. Kd1 Rad2+ 42. Kc1 Ke5 43. Rb4 Rg2 44. Re4+ Kd6 45. Rc3 Rg1+ 46. Nf1
Rxf1+ 0-1